=LDR 00000nam 2200000 4500 =001 INLIS00000000000005 =005 20260702043538 =020 ##$$a 978-623-7498-90-2 =082 ##$$a 027.377 =100 1#$$a Dr.H.C.Hery, S.E., M.Si.,Crp.,Rsa.,Cfrm,Ciisa,Cifrs. =245 1 $$a Analisis Detail Dan Mendalam Atas Data Kuantitatif Laporan Keuangan /$c Dr.H.C.Hery, S.E., M.Si.,Crp.,Rsa.,Cfrm,Ciisa,Cifrs. =300 ##$$a viii + 116 ; 16 x 23 cm